000 01121nam a22003257a 4500
001 BR2015006003
003 BR-BrBNA
005 20230928104739.0
007 ta
008 230509b bl.||||| |||| 00| 0 por d
040 _aBR-BrBNA
_bpor
_cBiblioteca Nacional de Agricultura
041 _a(Por)
072 _aP35; F61
090 _ P35 BR2015006003
100 1 _aCarmos, D.L. do
110 1 _aUniversidade Federal de Lavras, MG (Brasil)
_0Tese (Doutorado em Ciência do Solo, Área de Concentração em Fertilidade do Solo e Nutrição de Plantas)
245 1 _aCondutividade elétrica e sua relação com a fertilidade de solos tratados com corretivos e resíduos orgânicos
260 3 _aLavras, MG (Brasil):
_c2014.
300 _a166 p.
500 _aIncludes several bibliographies; Summaries (Eng, Por); 18 illus.; 14 tables
650 _aION
650 _aTEXTURA DO SOLO
650 _aCONDUTIVIDADE ELÉTRICA
650 _aCORRETIVO
650 _aRESÍDUO ORGÂNICO
650 _aFERTILIDADE DO SOLO
650 _aNUTRIÇÃO VEGETAL
909 _a202309
_bLucia
_c55
_dLucia Elande
942 _cBK
999 _c81539
_d81539